000 00769nam a2200229 a 4500
001 000011237
005 20240412074224.0
008 091015s1974 dr 001 p spa d
040 _aDO-SdBNP
_bspa
_cBNPHU
082 _aRD861.44
_bW646o
100 1 _aWieland de Lambach, Ursula
_926802
245 1 0 _aOrquídeas del medio día /
_cUrsula Wieland de Lambach ; prólogo Pedro René Contín Aybar.
260 _aSanto Domingo :
_bCenturión,
_c1974.
300 _a115 p. ;
_c20 cm.
490 1 _aLiteraria
_v2
590 _aInventariado, 2019 / DG
650 0 _aPoesía dominicana
_966
650 0 _aLiteratura dominicana.
_967
700 1 _aContín Aybar, Pedro René.
_epról.
_923772
830 0 _aLiteraria
_n2
_926803
910 _aValidado. Control de calidad BNPHU
999 _c10956
_d10956